| 000 | 00947nam a2200253 a 4500 | ||
|---|---|---|---|
| 001 | 71490 | ||
| 003 | BD-RjUL | ||
| 005 | 20211209082125.0 | ||
| 008 | 170504s1953 nyua j 001 0 eng d | ||
| 035 | _a(BD-RjUL)71706 | ||
| 040 |
_aDLC _cDLC _dBD-RjUL _beng |
||
| 041 | _aeng | ||
| 082 | 0 | 0 |
_a909 _223 _bLOS 1953 |
| 100 | 1 |
_aVan Loon, Hendrik _d1882-1944. _9211497 |
|
| 245 | 1 | 4 |
_aThe story of mankind / _cby Hendrik van Loon. |
| 260 |
_aLondon: _bGeorge G. Harrap, _c1922 [Reprinted 1953]. |
||
| 300 |
_axxviii, 480 p. : _bill. ; _c22 cm. |
||
| 500 | _aIncludes index. | ||
| 520 | _aThis classic history, first published in 1921 and winner of the first Newbery Medal, was illustrated in pen and ink by the author. This version has incorporated recent events to make it an up-to-date world history. | ||
| 650 | 0 |
_aWorld history _xJuvenile literature. _9211498 |
|
| 650 | 1 |
_aWorld history. _9211499 |
|
| 942 |
_2ddc _cBK |
||
| 999 |
_c71490 _d71490 |
||